ბათუმის შოთა რუსთაველის სახელმწიფო უნივერსიტეტის ბიბლიოთეკა

Геометрия: Учеб, пособие для подготовительных вузов (ბიბ.ჩანაწერი № 39031)

000 -LEADER
fixed length control field 00582nam a2200181Ia 4500
001 - CONTROL NUMBER
control field 5545
003 - CONTROL NUMBER IDENTIFIER
control field GE_BSU
008 - FIXED-LENGTH DATA ELEMENTS--GENERAL INFORMATION
fixed length control field 181216s||||||||xx |||||||||||||| ||und||
040 ## - CATALOGING SOURCE
Transcribing agency GE_BSU
100 ## - MAIN ENTRY--PERSONAL NAME
Personal name Каплун, В.И.; Шувалова, Э.З.
245 ## - TITLE STATEMENT
Title Геометрия: Учеб, пособие для подготовительных вузов
245 ## - TITLE STATEMENT
Statement of responsibility, etc. Ред. А.м.Суходский
260 ## - PUBLICATION, DISTRIBUTION, ETC.
Date of publication, distribution, etc. 1980.
300 ## - PHYSICAL DESCRIPTION
Extent 256 с
653 ## - INDEX TERM--UNCONTROLLED
Uncontrolled term Геометрия
653 ## - INDEX TERM--UNCONTROLLED
Uncontrolled term Учеб, пособие для подготовительных вузо
942 ## - ADDED ENTRY ELEMENTS (KOHA)
Koha item type წიგნი
ეგზემპლარები
Withdrawn status Lost status Damaged status Not for loan Date acquired Barcode Date last seen Price effective from Koha item type
        2018-12-17 15945 2018-12-17 2018-12-17 წიგნი